000 00749nam a2200289Ia 4500
005 20260324114127.0
008 008 260324s9999 xx 000 0 eng d
020 _a9781003095231
037 _aEBOOK
040 _aCRL
040 _beng
040 _cCRL
041 _2eng
041 _aeng
084 _qCRL
100 _aMitsutaka Kimura; Satoshi Mizutani; Mitsuhiro Imaizumi; Kodo Ito
_91149541
245 0 _aReliability and Maintenance Modeling with Optimization
245 0 _bAdvances and Applications
260 _bTaylor and Francis
260 _c2023
365 _a
365 _b340
856 _uhttp://www.taylorfrancis.com/books/9781003095231
942 _cEBOOK
999 _c1739546
_d1739546